UM Logo

Antas ng Kakayahan ng mga Nagpapakitang-Turo at Mahalagang Ugnayan Ng Kanilang Kahandaan at Karanasan Sa Pagtuturo. (Record no. 6374)

MARC details
000 -LEADER
fixed length control field 00645nam a22001577a 4500
008 - FIXED-LENGTH DATA ELEMENTS--GENERAL INFORMATION
fixed length control field 170309b xxu||||| |||| 00| 0 eng d
082 ## - DEWEY DECIMAL CLASSIFICATION NUMBER
Edition number 2016
Classification number UT 0709
Item number C15
100 ## - MAIN ENTRY--PERSONAL NAME
9 (RLIN) 19191
Personal name Camporedondo, Exequel M.
245 ## - TITLE STATEMENT
Title Antas ng Kakayahan ng mga Nagpapakitang-Turo at Mahalagang Ugnayan Ng Kanilang Kahandaan at Karanasan Sa Pagtuturo.
Statement of responsibility, etc. Exequel M. camporedondo, Jerome D. Masibad and Noralyn S. Sarail.
300 ## - PHYSICAL DESCRIPTION
Extent 38 pages;
Other physical details 28 cm.
650 #0 - SUBJECT ADDED ENTRY--TOPICAL TERM
9 (RLIN) 19192
Topical term or geographic name as entry element Education
Form subdivision Filipino
General subdivision Undergraduate Thesis.
700 ## - ADDED ENTRY--PERSONAL NAME
9 (RLIN) 19193
Personal name Camporedondo, Exequel M.
700 ## - ADDED ENTRY--PERSONAL NAME
9 (RLIN) 19194
Personal name Mansibad, Jerome D.
700 ## - ADDED ENTRY--PERSONAL NAME
9 (RLIN) 19195
Personal name Sarail, Noralyn S.
942 ## - ADDED ENTRY ELEMENTS (KOHA)
Source of classification or shelving scheme Dewey Decimal Classification
Koha item type Undergraduate Thesis
Holdings
Withdrawn status Lost status Source of classification or shelving scheme Damaged status Not for loan Home library Current library Date acquired Total Checkouts Full call number Barcode Date last seen Copy number Price effective from Koha item type
    Dewey Decimal Classification     UM Digos College - LIC UM Digos College - LIC 11/07/2016   UT 0709 C15 2016 UT0709 03/09/2017 1 03/09/2017 Undergraduate Thesis
    Dewey Decimal Classification     UM Digos College - LIC UM Digos College - LIC 02/27/2017   UT 0758 C15 2016 UT0758 04/24/2017 2 04/24/2017 Undergraduate Thesis